00798nam a2200277 a 4500003000900000005001700009008004100026020001800067040001300085100002000098245003000118250001200148260003000160300001100190490002300201500004200224650003100266650002700297650003200324650002500356650002700381650002700408650002600435650003200461653002700493AR-BaBNM20251128210940.0082120s2002 ||||||||||||||000 | spa|| a84-339-1392-1 cAR-BaBNM1 aCassany, Daniel00aLa cocina de la escritura a5ª ed. aBarcelonabAnagramac1997 a255 p. 0aArgumentosvv. 162 aContiene referencias bibliográficas 4aACTIVIDADES DE APRENDIZAJE 4aMEJORA DE LA ESCRITURA 4aENSEÑANZA DE LA ESCRITURA 4aPROCESO COGNOSCITIVO 4aPROCESO DE APRENDIZAJE 4aMETODOS DE ENSEÑANZA 4aEVALUACION DEL ALUMNO 4aRESULTADOS DE INVESTIGACION aENSENANZA DE LA LENGUA